Hazard identification and risk assessment at a selected petrol station in Klang Valley /
Saved in:
| Main Author: | |
|---|---|
| Format: | Thesis Book |
| Language: | English |
| Published: |
2018.
|
| Subjects: | |
| Online Access: | http://studentsrepo.um.edu.my/8492/ |
| Tags: |
Add Tag
No Tags, Be the first to tag this record!
|
| LEADER | 01586cam a2200361 i 4500 | ||
|---|---|---|---|
| 001 | u1077032 | ||
| 003 | SIRSI | ||
| 005 | 201803091615 | ||
| 008 | 180309s2018 my a m 000 0 eng | ||
| 040 | |a UMM |d UMJ |d AUM |e rda | ||
| 043 | |a a-my-se | ||
| 090 | |a TD7 |u M 2018 Mohss | ||
| 097 | |a TD7 |u M 2018 Mohss | ||
| 100 | 0 | |a Mohamad Saufi Supar, |e author. | |
| 245 | 1 | 0 | |a Hazard identification and risk assessment at a selected petrol station in Klang Valley / |c Mohamad Saufi Bin Supar. |
| 264 | 1 | |c 2018. | |
| 300 | |a xix, 135 leaves : |b illustrations ; |c 30 cm. | ||
| 336 | |a text |2 rdacontent | ||
| 337 | |a unmediated |2 rdamedia | ||
| 338 | |a volume |2 rdacarrier | ||
| 502 | |b M.Eng. |c Jabatan Kejuruteraan Kimia, Fakulti Kejuruteraan, Universiti Malaya |d 2018. | ||
| 504 | |a Bibliography: leaves 120-126. | ||
| 650 | 0 | |a Service stations |z Selangor |x Safety measures. | |
| 650 | 0 | |a Petroleum industry and trade |z Selangor |x Safety measures. | |
| 650 | 0 | |a Hazardous substances |x Safety measures. | |
| 650 | 0 | |a Industrial safety. | |
| 710 | 2 | |a Universiti Malaya. |b Jabatan Kejuruteraan Kimia, |e degree granting institution. | |
| 856 | 4 | 1 | |u http://studentsrepo.um.edu.my/8492/ |
| 596 | |a 1 7 25 | ||
| 900 | |a NSM AMA | ||
| 999 | |a TD7 UM 2018 MOHSS |w LC |c 1 |i A517082339 |d 23/5/2018 |f 23/5/2018 |g 1 |l STACKS |m P01UTAMA |r Y |s Y |t TESIS |u 4/5/2018 |1 STEM | ||
| 999 | |a TD7 UM 2018 MOHSS |w LC |c 1 |i A516961353 |d 20/7/2018 |f 20/7/2018 |g 1 |l STACKS |m P07JURUTER |r Y |s Y |t TESIS |u 20/7/2018 |1 STEM | ||
| 999 | |a TD7 UM 2018 MOHSS |w LC |c 1 |i A517298675 |f 24/5/2021 |g 1 |l STACKS |m P25UMARCHI |r N |s Y |t CD |u 19/5/2021 |1 STEM |o .STAFF. MST-CD7020 | ||
